| 000 | 00698nac a22002051u 4500 | ||
|---|---|---|---|
| 008 | 090430t xxu||||| |||| 00| 0 eng d | ||
| 010 | _a 00051666 | ||
| 020 | _a0138134596 | ||
| 020 | _a9780138134594 | ||
| 082 | 0 | 0 |
_a005.43 _bTAN _222 |
| 100 |
_aTanenbaum, Andrew S., _94482 |
||
| 245 | 1 | 0 |
_aModern operating systems / _cAndrew S. Tanenbaum. |
| 250 |
_a3rd ed. _bPearson International Edition. |
||
| 260 |
_aUpper Saddle River, N.J. : _bPrentice Hall, _cc2009. |
||
| 300 |
_axxvii, 1072 p. : _bill. ; _c25 cm. |
||
| 504 | _aIncludes bibliographical references and index. | ||
| 650 | 0 |
_aOperating systems (Computers) _94483 |
|
| 653 |
_bCS _cSeptember2013 |
||
| 942 |
_cBB _k005.43TAN _2ddc |
||
| 999 |
_c11469 _d11469 |
||